[Event "60o Campeonato Brasileiro Feminino Final Aberta"]
[Site "Cuiaba MT"]
[Date "2021.10.29"]
[Round "2"]
[Board "5"]
[White "Tamarozi, Isabelle"]
[Black "Kikuchi Cadilhac, Mariana Sawae"]
[Result "1-0"]
[WhiteElo "1981"]
[BlackElo "1762"]
[PlyCount "41"]
[EventDate "2021.10.28"]
[EventRounds "11"]
[EventCountry "BRA"]

1. e4 e5 2. Nf3 Nc6 3. Bb5 a6 4. Ba4 d6 5. O-O Bd7 6. c3 g6 7. Qc2 Bg7 8. Rd1
Nh6 9. d4 b5 10. Bb3 O-O 11. Bg5 Qc8 12. dxe5 dxe5 13. Qd2 Be6 14. Bd5 Bxd5 15.
exd5 e4 16. Ne1 Ne5 17. Bxh6 Qg4 18. h3 Qh4 19. Bxg7 Kxg7 20. Qd4 f6 21. Nd2
 1-0

[Event "60o Campeonato Brasileiro Feminino Final Aberta"]
[Site "Cuiaba MT"]
[Date "2021.10.29"]
[Round "2"]
[Board "6"]
[White "Eger, Laura Luisa"]
[Black "Heinrichs, Vivian"]
[Result "1-0"]
[WhiteElo "1767"]
[BlackElo "1974"]
[PlyCount "69"]
[EventDate "2021.10.28"]
[EventRounds "11"]
[EventCountry "BRA"]

1. e4 c5 2. Nf3 e6 3. c3 d5 4. exd5 Qxd5 5. d4 Nf6 6. Be2 Nc6 7. O-O Be7 8. Na3
O-O 9. Nb5 Qd8 10. dxc5 Bxc5 11. Qxd8 Rxd8 12. Bg5 e5 13. Rad1 Bg4 14. h3 Bh5
15. Bxf6 gxf6 16. g4 Bg6 17. Nc7 Rac8 18. Nd5 Kg7 19. Nh4 Ne7 20. Bf3 Bc2 21.
Rd2 Nxd5 22. Bxd5 Rc7 23. c4 Be4 24. Rfd1 Rcd7 25. a3 b5 26. b4 Bf8 27. f3 Bxd5
28. Rxd5 Rxd5 29. Rxd5 Rxd5 30. cxd5 Be7 31. d6 Bd8 32. Nf5+ Kg6 33. Ne7+ Kg5
34. Nc6 Bb6+ 35. Kg2  1-0

[Event "60o Campeonato Brasileiro Feminino Final Aberta"]
[Site "Cuiaba MT"]
[Date "2021.10.29"]
[Round "2"]
[Board "7"]
[White "Medeiros, Thauane Ferreira"]
[Black "Martins De Aguiar, Marina"]
[Result "1/2-1/2"]
[WhiteElo "1896"]
[BlackElo "1713"]
[PlyCount "132"]
[EventDate "2021.10.28"]
[EventRounds "11"]
[EventCountry "BRA"]

1. d4 Nf6 2. c4 g6 3. Nc3 Bg7 4. e4 d6 5. Nf3 O-O 6. Be2 Nbd7 7. O-O e5 8. d5
Nc5 9. Nd2 a5 10. b3 Ne8 11. Rb1 f5 12. a3 Nxe4 13. Ndxe4 fxe4 14. Nxe4 Bf5 15.
Bd3 Qd7 16. Be3 Bxe4 17. Bxe4 Nf6 18. Bf3 Qf5 19. Rc1 Kh8 20. Be2 Rad8 21. Qc2
Qd7 22. h3 Qe7 23. Rfd1 b6 24. b4 axb4 25. axb4 Nd7 26. Bg4 Qh4 27. Qd2 Qe7 28.
Be6 e4 29. Qc2 Qh4 30. g3 Qe7 31. Bxd7 Qxd7 32. Qxe4 Qxh3 33. Qg2 Qg4 34. Rd2
Rde8 35. Qh2 Re4 36. Rdc2 h5 37. c5 Bd4 38. Bxd4+ Rxd4 39. Qh4 Rd1+ 40. Kg2
Qf3+ 41. Kh2 Rxc1 42. Qd4+ Kh7 43. Rxc1 Qxf2+ 44. Qxf2 Rxf2+ 45. Kg1 Rd2 46.
cxd6 cxd6 47. Rc6 Rxd5 48. Rxb6 Rd2 49. b5 Kh6 50. Rc6 Rb2 51. Rxd6 Rxb5 52.
Kg2 Kg5 53. Rd4 Kf5 54. Ra4 Re5 55. Rf4+ Kg5 56. Ra4 Rb5 57. Rc4 Kf5 58. Rd4 g5
59. Rd2 Rb4 60. Rf2+ Kg4 61. Ra2 Re4 62. Rb2 h4 63. gxh4 Kxh4 64. Rb8 Kg4 65.
Rb2 Kf4 66. Rf2+ Kg4  1/2-1/2

[Event "60o Campeonato Brasileiro Feminino Final Aberta"]
[Site "Cuiaba MT"]
[Date "2021.10.29"]
[Round "2"]
[Board "8"]
[White "Reis, Virginia Lagrange M."]
[Black "Frattini, Beatriz Maria"]
[Result "1/2-1/2"]
[WhiteElo "1741"]
[BlackElo "1880"]
[PlyCount "128"]
[EventDate "2021.10.28"]
[EventRounds "11"]
[EventCountry "BRA"]

1. e4 c5 2. Nf3 e6 3. b3 b6 4. Bb2 Nc6 5. Be2 Nf6 6. e5 Nd5 7. g3 Bb7 8. O-O
Be7 9. c4 Nc7 10. d3 f6 11. Nbd2 d5 12. exd6 Bxd6 13. Ne4 O-O 14. Nxd6 Qxd6 15.
d4 cxd4 16. Nxd4 Nxd4 17. Qxd4 Qc6 18. f3 Rad8 19. Qe3 e5 20. Rad1 Ne6 21. Kf2
Ng5 22. h4 Nf7 23. Bd3 Qe6 24. Kg2 Bc8 25. g4 Nd6 26. Ba3 Bb7 27. Bxd6 Rxd6 28.
Be4 Bxe4 29. Qxe4 Rfd8 30. Rxd6 Qxd6 31. Kf2 Qd2+ 32. Qe2 Qf4 33. Rd1 Rd4 34.
Rxd4 Qxd4+ 35. Qe3 Qd7 36. Ke2 g6 37. Qd3 Qe7 38. Qd5+ Kg7 39. Kd3 f5 40. g5 h6
41. b4 hxg5 42. hxg5 e4+ 43. fxe4 fxe4+ 44. Qxe4 Qxg5 45. Qb7+ Kf6 46. Qc6+ Kf7
47. c5 bxc5 48. bxc5 Qf5+ 49. Kc4 Qc2+ 50. Kd4 Qd2+ 51. Ke5 Qh2+ 52. Kd4 Qb2+
53. Kd3 Qf6 54. Qb7+ Qe7 55. c6 Ke8 56. c7 Qd6+ 57. Kc4 Qf4+ 58. Kc5 Qe5+ 59.
Kc4 Qe6+ 60. Kc5 Qe5+ 61. Kc4 Qe6+ 62. Kc3 Qe3+ 63. Kc4 Qe6+ 64. Kc5 Qe5+
 1/2-1/2

[Event "60o Campeonato Brasileiro Feminino Final Aberta"]
[Site "Cuiaba MT"]
[Date "2021.10.29"]
[Round "2"]
[Board "9"]
[White "Sandrim Juliao, Tais"]
[Black "Viaro Baccarin, Natalia"]
[Result "1/2-1/2"]
[WhiteElo "1712"]
[BlackElo "1865"]
[PlyCount "57"]
[EventDate "2021.10.28"]
[EventRounds "11"]
[EventCountry "BRA"]

1. c4 e5 2. g3 Nf6 3. Bg2 d5 4. cxd5 Nxd5 5. Nc3 Nb6 6. Nf3 Nc6 7. O-O Be7 8.
d3 O-O 9. Rb1 Be6 10. a3 a5 11. a4 f6 12. Nb5 Nb4 13. Bd2 N6d5 14. Na3 c6 15.
Nc2 Na6 16. Qe1 Ndb4 17. Nxb4 Nxb4 18. Qd1 Qd7 19. Bc3 Rfd8 20. Nd2 Bf8 21. b3
Qf7 22. Nc4 Ra6 23. Bxb4 Bxb4 24. Qc2 b5 25. Ne3 bxa4 26. bxa4 c5 27. Rfe1 Ba2
28. Ra1 Bb3 29. Qb1  1/2-1/2

[Event "60o Campeonato Brasileiro Feminino Final Aberta"]
[Site "Cuiaba MT"]
[Date "2021.10.29"]
[Round "2"]
[Board "10"]
[White "De Freitas, Isabella Ribeiro Conti"]
[Black "Bonfim, Regina Rodrigues"]
[Result "1-0"]
[WhiteElo "1863"]
[BlackElo "1702"]
[PlyCount "37"]
[EventDate "2021.10.28"]
[EventRounds "11"]
[EventCountry "BRA"]

1. c4 e5 2. g3 f5 3. Bg2 Nf6 4. d3 d6 5. Nf3 c6 6. Nc3 Be7 7. Rb1 O-O 8. b4 Kh8
9. a4 e4 10. Nd4 d5 11. O-O b6 12. cxd5 Nxd5 13. Nxd5 cxd5 14. Bf4 Bd6 15. Qd2
Bb7 16. Ne6 Qe7 17. Nxf8 Qxf8 18. Bxd6 Qxd6 19. dxe4  1-0

[Event "60o Campeonato Brasileiro Feminino Final Aberta"]
[Site "Cuiaba MT"]
[Date "2021.10.29"]
[Round "2"]
[Board "11"]
[White "Oliveira, Emanuelle Alves"]
[Black "Da Cunha, Gabriela Goes"]
[Result "0-1"]
[WhiteElo "1683"]
[BlackElo "1588"]
[PlyCount "98"]
[EventDate "2021.10.28"]
[EventRounds "11"]
[EventCountry "BRA"]

1. d4 Nf6 2. Bf4 d5 3. Nf3 c5 4. e3 cxd4 5. exd4 Bg4 6. Nbd2 Nc6 7. c3 e6 8.
Be2 Be7 9. h3 Bxf3 10. Nxf3 O-O 11. O-O a6 12. Re1 b5 13. Ne5 Nxe5 14. dxe5 Nd7
15. Bd3 Qb6 16. Qh5 g6 17. Qg4 Rfc8 18. Be3 Bc5 19. Bd4 b4 20. Reb1 a5 21. Bxc5
Qxc5 22. cxb4 Qxb4 23. Qxb4 axb4 24. f4 Nc5 25. Bc2 Na4 26. Bxa4 Rxa4 27. b3
Ra3 28. Rb2 Rca8 29. Kf2 Kf8 30. Ke3 Ke7 31. Kd3 Kd7 32. Rc2 Rxb3+ 33. axb3
Rxa1 34. Kd4 Rb1 35. Kd3 Rxb3+ 36. Kd2 Rg3 37. Ke1 b3 38. Rb2 Kc6 39. Kf2 Rc3
40. Ke1 Kc5 41. Kd2 Rc2+ 42. Rxc2+ bxc2 43. Kxc2 Kd4 44. Kd2 Ke4 45. g3 Kf3 46.
g4 Kxf4 47. Ke2 Kxe5 48. Ke3 d4+ 49. Kf3 g5  0-1

[Event "60o Campeonato Brasileiro Feminino Final Aberta"]
[Site "Cuiaba MT"]
[Date "2021.10.29"]
[Round "2"]
[Board "12"]
[White "Menezes, Grasielle Da Silv"]
[Black "Mayara Sibowicz, Giovanna"]
[Result "0-1"]
[WhiteElo "1868"]
[BlackElo "1683"]
[PlyCount "124"]
[EventDate "2021.10.28"]
[EventRounds "11"]
[EventCountry "BRA"]

1. d4 Nf6 2. c4 d6 3. Nc3 Nbd7 4. Bg5 e5 5. Nf3 Be7 6. e3 O-O 7. Be2 c6 8. Qc2
Kh8 9. Rd1 Ng4 10. Bxe7 Qxe7 11. h3 Nh6 12. g4 f6 13. Nh4 f5 14. g5 Qxg5 15.
Nf3 Qe7 16. Rg1 e4 17. Ng5 Nf7 18. h4 h6 19. Nh3 Rg8 20. h5 Nf8 21. Nf4 Ng5 22.
Kd2 Nge6 23. Ng6+ Nxg6 24. hxg6 Ng5 25. Rh1 Qf6 26. Bh5 Re8 27. Kc1 f4 28. Ne2
f3 29. Nf4 Bd7 30. Rdg1 Kg8 31. Bg4 Bf5 32. Bxf5 Qxf5 33. Rh5 Qf6 34. Kb1 Rad8
35. Rg4 d5 36. c5 Ne6 37. Nxe6 Qxe6 38. Rg3 Rf8 39. Qd1 Rf5 40. Rh4 Rg5 41.
Rhh3 Rxg6 42. Qg1 Rxg3 43. Rxg3 Qe7 44. Rg6 Kh7 45. Qg3 Rf8 46. Rd6 Rf6 47. Qe5
Qf7 48. Rd8 Rf5 49. Qb8 a6 50. Rh8+ Kg6 51. Qd6+ Qf6 52. Re8 Kh7 53. Re6 Qg5
54. Qh2 Qg2 55. Qh4 Rg5 56. Re7 Rg4 57. Qh5 Qg1+ 58. Kc2 Qxf2+ 59. Kb3 Qxe3+
60. Ka4 Qg5 61. Qf7 Rf4 62. Qe8 f2  0-1

[Event "60o Campeonato Brasileiro Feminino Final Aberta"]
[Site "Cuiaba MT"]
[Date "2021.10.29"]
[Round "2"]
[Board "13"]
[White "Campagnolo, Fabiola"]
[Black "Da Silva, Debora Oliveira Lopes"]
[Result "1-0"]
[WhiteElo "1677"]
[BlackElo "1389"]
[PlyCount "29"]
[EventDate "2021.10.28"]
[EventRounds "11"]
[EventCountry "BRA"]

1. e4 c5 2. f4 d6 3. Nf3 Nc6 4. d4 cxd4 5. Nxd4 Qc7 6. Nc3 e6 7. Nb3 a6 8. a4
Nf6 9. Be3 Be7 10. Be2 O-O 11. g4 Rd8 12. a5 Nd7 13. O-O Nc5 14. Nd2 Nxa5 15.
b4  1-0

[Event "60o Campeonato Brasileiro Feminino Final Aberta"]
[Site "Cuiaba MT"]
[Date "2021.10.29"]
[Round "2"]
[Board "14"]
[White "Almeida, Bianca Martins"]
[Black "De Souza, Eliana Aparecida"]
[Result "0-1"]
[WhiteElo "1262"]
[BlackElo "1673"]
[PlyCount "130"]
[EventDate "2021.10.28"]
[EventRounds "11"]
[EventCountry "BRA"]

1. e4 c5 2. Nf3 Nc6 3. Nc3 e6 4. d4 cxd4 5. Nxd4 Bb4 6. Nxc6 Bxc3+ 7. bxc3 bxc6
8. Bb2 Qg5 9. c4 Ne7 10. Qf3 O-O 11. Bd3 Qa5+ 12. Ke2 Rb8 13. Bd4 e5 14. Qg3 d6
15. Be3 c5 16. Rhd1 Be6 17. f4 f6 18. f5 Bd7 19. Kf1 Rb2 20. h4 Nc6 21. Rdb1
Rxb1+ 22. Rxb1 Nb4 23. c3 Nc6 24. Rb7 Qd8 25. Be2 Qc8 26. Rb1 Bxf5 27. Bh6 Rf7
28. Bh5 Re7 29. Bf3 Be6 30. Rd1 Bxc4+ 31. Kf2 Qb8 32. Rd2 Kf8 33. Be3 Rb7 34.
Kg1 Rb2 35. Qf2 Rxd2 36. Qxd2 Qb1+ 37. Kh2 Qd3 38. Qe1 Bxa2 39. Bf2 Bc4 40. Bg4
Ke7 41. Bf5 g6 42. Bg4 a5 43. Bf3 a4 44. Qa1 Bb3 45. Qb2 Qc2 46. Qxc2 Bxc2 47.
Be1 a3 48. c4 Nd4 49. Bd2 a2 50. Bc3 Nb3 51. g4 a1=Q 52. Bxa1 Nxa1 53. Kg2 Bd3
54. Kf2 Bxc4 55. Ke3 Nb3 56. g5 fxg5 57. hxg5 Nd4 58. Bg2 Ne6 59. Kd2 Nxg5 60.
Kc3 Be2 61. Kd2 Bf3 62. Bxf3 Nxf3+ 63. Ke3 Nd4 64. Kd3 h5 65. Kc4 h4  0-1

[Event "60o Campeonato Brasileiro Feminino Final Aberta"]
[Site "Cuiaba MT"]
[Date "2021.10.29"]
[Round "2"]
[Board "15"]
[White "Dias, Juliane De Oliveira"]
[Black "Bokhonok, Tatiana Dos Santos Spin"]
[Result "1-0"]
[WhiteElo "1673"]
[BlackElo "1230"]
[PlyCount "117"]
[EventDate "2021.10.28"]
[EventRounds "11"]
[EventCountry "BRA"]

1. e4 e6 2. d4 d5 3. Nd2 Nf6 4. e5 Nfd7 5. Ngf3 c5 6. c3 Nc6 7. Bd3 Qb6 8. dxc5
Bxc5 9. Qe2 Qc7 10. Nb3 Ncxe5 11. Nxe5 Qxe5 12. Qxe5 Nxe5 13. Nxc5 b6 14. Bb5+
Ke7 15. Nd3 Nc4 16. Bxc4 dxc4 17. Ne5 b5 18. O-O Bb7 19. b3 f6 20. Ba3+ Ke8 21.
Nf3 Rd8 22. Rad1 Kf7 23. bxc4 bxc4 24. Rd6 Rxd6 25. Bxd6 Rd8 26. Bb4 Bxf3 27.
gxf3 Rd5 28. a4 a5 29. Ba3 Rd2 30. Rb1 g5 31. Rb7+ Kg6 32. Bb2 h5 33. Kg2 f5
34. Rb5 h4 35. Bc1 Rc2 36. Be3 Rxc3 37. Rxa5 f4 38. Bd4 Rd3 39. Be5 Ra3 40. Bd6
Rd3 41. Be7 c3 42. Rxg5+ Kf7 43. Bb4 c2 44. Rc5 Rb3 45. Bd2 Ra3 46. a5 Ra2 47.
Bxf4 Ra4 48. Be3 Ke8 49. Rxc2 Rxa5 50. Rc4 Rh5 51. Kh3 e5 52. Rxh4 Rf5 53. Kg4
Rf8 54. Rh5 Rg8+ 55. Kf5 Rf8+ 56. Kxe5 Rxf3 57. Ke6 Kf8 58. Rf5+ Rxf5 59. Kxf5
 1-0

[Event "60o Campeonato Brasileiro Feminino Final Aberta"]
[Site "Cuiaba MT"]
[Date "2021.10.29"]
[Round "2"]
[Board "16"]
[White "Montes, Sofia"]
[Black "Penha, Evelyn Maximiano"]
[Result "0-1"]
[WhiteElo "1836"]
[BlackElo "1672"]
[PlyCount "68"]
[EventDate "2021.10.28"]
[EventRounds "11"]
[EventCountry "BRA"]

1. c4 e5 2. Nc3 Nf6 3. g3 d5 4. cxd5 Nxd5 5. Bg2 Nb6 6. Nf3 Nc6 7. O-O Be7 8.
a3 O-O 9. d3 Be6 10. b4 f6 11. Bb2 Nd4 12. Nxd4 exd4 13. Ne4 c6 14. Nc5 Bxc5
15. bxc5 Nc8 16. Qa4 Qe7 17. Bxd4 Rd8 18. Rfb1 Bd5 19. Rb2 Bxg2 20. Kxg2 Qd7
21. Qb3+ Kf8 22. Be3 Ne7 23. Rab1 Nd5 24. Bd2 b5 25. a4 a6 26. axb5 axb5 27.
Ra2 h5 28. d4 h4 29. e4 h3+ 30. Kf1 Ne7 31. Be3 Qg4 32. Rxa8 Rxa8 33. Qd1 Qxe4
34. Ke1 Ra2  0-1

[Event "60o Campeonato Brasileiro Feminino Final Aberta"]
[Site "Cuiaba MT"]
[Date "2021.10.29"]
[Round "2"]
[Board "17"]
[White "Silveira, Celissa Franco Godoy D"]
[Black "Brambilla, Renee Blandy T."]
[Result "0-1"]
[WhiteElo "1810"]
[BlackElo "1671"]
[PlyCount "48"]
[EventDate "2021.10.28"]
[EventRounds "11"]
[EventCountry "BRA"]

1. d4 Nf6 2. c4 g6 3. Nc3 Bg7 4. e4 d6 5. Nf3 O-O 6. Be2 c5 7. e5 dxe5 8. Nxe5
Qxd4 9. Qxd4 cxd4 10. Nb5 Na6 11. Nxd4 Nh5 12. Nef3 e5 13. Nc2 Nf4 14. Bxf4
exf4 15. Rb1 Bf5 16. Nfd4 Bxd4 17. Rd1 Bxb2 18. Nd4 Bc3+ 19. Kf1 Bxd4 20. Rxd4
Rad8 21. Rxf4 Rfe8 22. f3 Rd2 23. Kf2 Rexe2+ 24. Kg3 Rxg2+  0-1

[Event "60o Campeonato Brasileiro Feminino Final Aberta"]
[Site "Cuiaba MT"]
[Date "2021.10.29"]
[Round "2"]
[Board "18"]
[White "Flores, Clarice Soares Leite"]
[Black "Muraoka, Karoline Aimy"]
[Result "0-1"]
[WhiteElo "1656"]
[BlackElo "1821"]
[PlyCount "50"]
[EventDate "2021.10.28"]
[EventRounds "11"]
[EventCountry "BRA"]

1. d4 Nf6 2. c4 g6 3. Nc3 Bg7 4. e4 d6 5. f3 Nbd7 6. Bg5 O-O 7. Qd2 c5 8. d5 a6
9. Nh3 Ne8 10. Nf2 Ne5 11. h4 h5 12. Be2 f5 13. Bh6 e6 14. Bxg7 Kxg7 15. f4 Ng4
16. Bxg4 fxg4 17. e5 dxe5 18. fxe5 Rf5 19. Nd3 exd5 20. cxd5 c4 21. Nf4 Rxe5+
22. Kd1 Qb6 23. Nce2 Nf6 24. Qc2 Nxd5 25. Qxc4 Ne3+  0-1

[Event "60o Campeonato Brasileiro Feminino Final Aberta"]
[Site "Cuiaba MT"]
[Date "2021.10.29"]
[Round "2"]
[Board "19"]
[White "Silva, Marina Taborelli"]
[Black "Zago, Caroline Datora"]
[Result "0-1"]
[WhiteElo "1651"]
[BlackElo "1634"]
[PlyCount "48"]
[EventDate "2021.10.28"]
[EventRounds "11"]
[EventCountry "BRA"]

1. e4 d6 2. Nc3 Nf6 3. f3 g6 4. Bc4 c6 5. d4 b5 6. Bd3 Bg7 7. Be3 O-O 8. Qd2
Nbd7 9. O-O-O a5 10. d5 b4 11. Na4 cxd5 12. exd5 Nxd5 13. Be4 Nxe3 14. Bxa8
Nxd1 15. Qxd1 Nb6 16. Nxb6 Qxb6 17. Ne2 Be6 18. Be4 Bxa2 19. b3 Rc8 20. Qd2
Bxb3 21. Rd1 Bxc2 22. Bxc2 b3 23. Nd4 bxc2 24. Nxc2 Qb2#  0-1

[Event "60o Campeonato Brasileiro Feminino Final Aberta"]
[Site "Cuiaba MT"]
[Date "2021.10.29"]
[Round "2"]
[Board "20"]
[White "Felix, Luiza De Oliveira"]
[Black "Pimenta, Vhendala Eloisa"]
[Result "1-0"]
[WhiteElo "1599"]
[BlackElo "1771"]
[PlyCount "103"]
[EventDate "2021.10.28"]
[EventRounds "11"]
[EventCountry "BRA"]

1. c4 b6 2. Nf3 Bb7 3. g3 Nf6 4. Bg2 e6 5. O-O Be7 6. Nc3 O-O 7. Rb1 a5 8. a3
Nc6 9. Nd4 Rb8 10. Ndb5 Ne5 11. Bxb7 Rxb7 12. b3 c6 13. Nd4 Bc5 14. Nc2 Ng6 15.
d4 Be7 16. e4 d5 17. e5 Ne4 18. Nxe4 dxe4 19. Qe2 f5 20. exf6 Bxf6 21. Qxe4 Qd6
22. Bb2 Rd8 23. Rfe1 Re7 24. a4 Qc7 25. Ne3 c5 26. dxc5 Qxc5 27. Bxf6 gxf6 28.
Rbd1 Rf8 29. h4 Qh5 30. Qg4 Qxg4 31. Nxg4 f5 32. Ne5 f4 33. Nxg6 hxg6 34. Kg2
Kg7 35. Rd6 e5 36. Rxb6 f3+ 37. Kf1 e4 38. Rb5 Rd8 39. Rxa5 Rd3 40. b4 Kf6 41.
c5 Kf5 42. c6+ Kg4 43. Rg5+ Kh3 44. b5 e3 45. fxe3 Rd2 46. b6 Kh2 47. c7 Rg2
48. c8=Q Rg1+ 49. Kf2 Rg2+ 50. Kxf3 Rf7+ 51. Ke4 Re7+ 52. Re5  1-0

[Event "60o Campeonato Brasileiro Feminino Final Aberta"]
[Site "Cuiaba MT"]
[Date "2021.10.29"]
[Round "3"]
[Board "1"]
[White "Ichimura G. Barbosa, Larissa Y."]
[Black "Terao, Juliana Sayumi"]
[Result "1/2-1/2"]
[WhiteElo "2007"]
[BlackElo "2252"]
[PlyCount "67"]
[EventDate "2021.10.28"]
[EventRounds "11"]
[EventCountry "BRA"]

1. e4 c5 2. Nf3 e6 3. d4 cxd4 4. Nxd4 a6 5. Nc3 Qc7 6. g3 Bb4 7. Bd2 Nf6 8. Bg2
Nc6 9. Nb3 Be7 10. O-O d6 11. f4 b5 12. a3 Bb7 13. Qe2 O-O 14. g4 Nd7 15. g5
Nc5 16. Nxc5 Nd4 17. Qf2 dxc5 18. Ne2 f6 19. Nxd4 cxd4 20. gxf6 Rxf6 21. Bb4
Bxb4 22. axb4 e5 23. f5 Qc4 24. Qg3 Re8 25. c3 dxc3 26. Qxc3 Qxc3 27. bxc3 Rc8
28. Rfd1 Rxc3 29. Rd7 Rf7 30. Rd8+ Rf8 31. Rd7 Rf7 32. Rd8+ Rf8 33. Rd7 Rf7 34.
Rd8+  1/2-1/2

[Event "60o Campeonato Brasileiro Feminino Final Aberta"]
[Site "Cuiaba MT"]
[Date "2021.10.29"]
[Round "3"]
[Board "2"]
[White "Alboredo, Julia"]
[Black "Tamarozi, Isabelle"]
[Result "1/2-1/2"]
[WhiteElo "2183"]
[BlackElo "1981"]
[PlyCount "118"]
[EventDate "2021.10.28"]
[EventRounds "11"]
[EventCountry "BRA"]

1. e4 c5 2. Nf3 d6 3. Nc3 g6 4. d4 cxd4 5. Qxd4 Nf6 6. e5 dxe5 7. Qxd8+ Kxd8 8.
Nxe5 Be6 9. Be3 Nbd7 10. O-O-O Bg7 11. h3 Kc8 12. Nc4 h5 13. g3 Bh6 14. f4 Rg8
15. Na5 g5 16. Bg2 Rb8 17. Rhg1 gxf4 18. gxf4 h4 19. Kb1 Rg3 20. Bxa7 Rxg2 21.
Rxg2 Ra8 22. Nb5 Bxf4 23. Rd3 b6 24. Rc3+ Kd8 25. Nc6+ Ke8 26. a4 Kf8 27. Re2
Nc5 28. a5 Nce4 29. Rf3 Nd2+ 30. Rxd2 Bxd2 31. axb6 Bd5 32. Rd3 Bxc6 33. Rxd2
Rc8 34. Nd4 Bb7 35. Nb3 Ne4 36. Rd7 Bc6 37. Rd4 e5 38. Rc4 Bb7 39. Rxc8+ Bxc8
40. Bb8 f6 41. Na5 Ng5 42. b7 Bxb7 43. Nxb7 Nxh3 44. Nd6 Nf2 45. Nf5 h3 46. Kc1
h2 47. Ng3 Kf7 48. Ba7 h1=Q+ 49. Nxh1 Nxh1 50. b4 Ke6 51. c4 Ng3 52. Kd2 f5 53.
b5 Ne4+ 54. Kd3 Nd6 55. Bf2 Kd7 56. Be1 e4+ 57. Kd4 f4 58. c5 Nxb5+ 59. Kxe4
Kc6  1/2-1/2

[Event "60o Campeonato Brasileiro Feminino Final Aberta"]
[Site "Cuiaba MT"]
[Date "2021.10.29"]
[Round "3"]
[Board "3"]
[White "De Freitas, Isabella Ribeiro Conti"]
[Black "Librelato, Kathie Goulart"]
[Result "0-1"]
[WhiteElo "1863"]
[BlackElo "2165"]
[PlyCount "74"]
[EventDate "2021.10.28"]
[EventRounds "11"]
[EventCountry "BRA"]

1. c4 Nf6 2. Nc3 g6 3. e4 d6 4. d4 Bg7 5. Nf3 O-O 6. Be2 Na6 7. Bg5 e5 8. d5 h6
9. Bh4 Qe8 10. Nd2 Nc5 11. f3 Nh5 12. b4 Nf4 13. O-O Ncd3 14. Bxd3 Nxd3 15. Nb5
Qd7 16. Qb3 Nf4 17. Bf2 Qe7 18. Be3 a6 19. Na3 Qh4 20. Rf2 f5 21. Kh1 Nh5 22.
exf5 gxf5 23. f4 exf4 24. Nf3 Ng3+ 25. Kg1 fxe3 26. Nxh4 exf2+ 27. Kxf2 Ne4+
28. Ke2 Bxa1 29. Qe3 Bg7 30. Kd3 Bd7 31. Ng6 Rfe8 32. Qf4 Ng5 33. Nc2 Re4 34.
Qf1 Rae8 35. Nf4 Rxc4 36. Ne6 Nxe6 37. dxe6 Bb5  0-1

[Event "60o Campeonato Brasileiro Feminino Final Aberta"]
[Site "Cuiaba MT"]
[Date "2021.10.29"]
[Round "3"]
[Board "4"]
[White "Frattini, Beatriz Maria"]
[Black "Eger, Laura Luisa"]
[Result "1-0"]
[WhiteElo "1880"]
[BlackElo "1767"]
[PlyCount "119"]
[EventDate "2021.10.28"]
[EventRounds "11"]
[EventCountry "BRA"]

1. e4 e5 2. Nf3 Nc6 3. Bb5 a6 4. Ba4 b5 5. Bb3 Bc5 6. c3 d6 7. O-O Nf6 8. a4
Rb8 9. d4 Bb6 10. a5 Ba7 11. Be3 Bg4 12. Nbd2 exd4 13. cxd4 Nxd4 14. Bxd4 Bxd4
15. Bxf7+ Kf8 16. Ba2 Qd7 17. Qb3 Be5 18. Nxe5 dxe5 19. Nc4 Re8 20. Ne3 Be6 21.
Qa3+ Qe7 22. Bxe6 Qxa3 23. Rxa3 Rxe6 24. Rc3 Re7 25. f3 Kf7 26. Rfc1 Rd8 27.
Rxc7 Rd2 28. Rxe7+ Kxe7 29. Rc2 Rxc2 30. Nxc2 Nd7 31. Nb4 Nc5 32. Nd5+ Kd6 33.
b4 Ne6 34. Kf2 Nd4 35. Ke3 Nc2+ 36. Kd2 Nd4 37. Kd3 Nc6 38. h4 h5 39. Kc3 Nd4
40. Ne3 g6 41. Nd5 Ne6 42. Kd3 Nd4 43. Ke3 Nc2+ 44. Kf2 Nd4 45. Ne3 Nc6 46. Nc2
Ke6 47. Ke3 Kf6 48. g3 Ke6 49. Kd3 Kd6 50. f4 Ke6 51. Kc3 Kd6 52. Ne1 Nd4 53.
Nd3 Ne2+ 54. Kd2 Nxg3 55. fxe5+ Ke6 56. Ke3 Nf1+ 57. Kf4 Nd2 58. Nc5+ Ke7 59.
Nxa6 Nc4 60. Nc7  1-0

[Event "60o Campeonato Brasileiro Feminino Final Aberta"]
[Site "Cuiaba MT"]
[Date "2021.10.29"]
[Round "3"]
[Board "5"]
[White "Da Cunha, Gabriela Goes"]
[Black "Medeiros, Thauane Ferreira"]
[Result "1-0"]
[WhiteElo "1588"]
[BlackElo "1896"]
[PlyCount "93"]
[EventDate "2021.10.28"]
[EventRounds "11"]
[EventCountry "BRA"]

1. d4 Nf6 2. c4 e6 3. Nf3 d5 4. cxd5 exd5 5. Nc3 c6 6. Bg5 Be7 7. Bxf6 Bxf6 8.
e3 O-O 9. b4 Bg4 10. Be2 Re8 11. O-O Nd7 12. Qb3 a6 13. a4 b5 14. a5 Bxf3 15.
Bxf3 Nf8 16. Rac1 Ne6 17. Nd1 Qd6 18. Qc3 Rac8 19. Bg4 Rc7 20. Bxe6 Rxe6 21.
Nb2 Be7 22. Nd3 Rh6 23. g3 Qe6 24. Nf4 Qf5 25. Qc2 Qd7 26. Nd3 Bd6 27. f4 Qe7
28. Qd2 Re6 29. Rfe1 Rc8 30. Nc5 Bxc5 31. Rxc5 Re8 32. Kf2 g5 33. f5 Rh6 34.
Kg1 g4 35. e4 Rh5 36. Qf4 f6 37. e5 Rg5 38. e6 Rg7 39. Rec1 h5 40. Qh6 Rg5 41.
Rxc6 Qf8 42. Qxf8+ Kxf8 43. Rf1 Rg7 44. Rxa6 Rc7 45. Rb6 Rec8 46. Rxb5 Rc2 47.
Rc5  1-0

[Event "60o Campeonato Brasileiro Feminino Final Aberta"]
[Site "Cuiaba MT"]
[Date "2021.10.29"]
[Round "3"]
[Board "6"]
[White "Viaro Baccarin, Natalia"]
[Black "Reis, Virginia Lagrange M."]
[Result "1-0"]
[WhiteElo "1865"]
[BlackElo "1741"]
[PlyCount "81"]
[EventDate "2021.10.28"]
[EventRounds "11"]
[EventCountry "BRA"]

1. e4 c5 2. Nf3 Nc6 3. d4 cxd4 4. Nxd4 g6 5. c4 Bg7 6. Be3 d6 7. Nc3 Nf6 8. Be2
O-O 9. h3 Bd7 10. O-O Rc8 11. Nxc6 Bxc6 12. Qc2 b6 13. Rad1 Qc7 14. Bd4 Rfd8
15. Nd5 Bxd5 16. exd5 b5 17. b3 Qb7 18. Qb2 bxc4 19. Bxc4 Nh5 20. Bxg7 Nxg7 21.
Qe2 Rc7 22. Rfe1 Qb6 23. Qe3 Qxe3 24. Rxe3 Kf8 25. Kf1 Nf5 26. Re2 h5 27. g4
hxg4 28. hxg4 Nh6 29. f3 Kg7 30. Rde1 Ng8 31. g5 f6 32. f4 fxg5 33. fxg5 Rf8+
34. Rf2 Rf5 35. Rxf5 gxf5 36. Re6 Rc8 37. Kf2 Rf8 38. Kf3 f4 39. Bd3 Kh8 40.
Re2 Rf7 41. Rh2+  1-0

[Event "60o Campeonato Brasileiro Feminino Final Aberta"]
[Site "Cuiaba MT"]
[Date "2021.10.29"]
[Round "3"]
[Board "7"]
[White "Martins De Aguiar, Marina"]
[Black "Sandrim Juliao, Tais"]
[Result "1-0"]
[WhiteElo "1713"]
[BlackElo "1712"]
[PlyCount "53"]
[EventDate "2021.10.28"]
[EventRounds "11"]
[EventCountry "BRA"]

1. e4 d6 2. d4 Nf6 3. Nc3 g6 4. h3 Bg7 5. g4 e5 6. Nge2 Nc6 7. Be3 Bd7 8. Bg2
exd4 9. Nxd4 a6 10. Qd2 Ne5 11. b3 Qe7 12. f4 Nc6 13. g5 Nxd4 14. Bxd4 Nh5 15.
Bxg7 Nxg7 16. Nd5 Qd8 17. Qc3 O-O 18. Nf6+ Kh8 19. h4 Bc6 20. h5 Bxe4 21. Bxe4
Re8 22. hxg6 Rxe4+ 23. Nxe4 fxg6 24. Nf6 Qe7+ 25. Kd2 h5 26. gxh6 Nh5 27. Nd5+
 1-0